000 00610nam a2200229Ia 4500
003 OSt
005 20220918230035.0
006 a|||||r|||| 00| 0
007 ta
008 220917b |||||||| |||| 00| 0 eng d
024 _a247,916
037 _cTextual
040 _aARTS
_cARTS
_beng
041 _2eng
_aeng
082 _aX9W;8, K4;4
100 _aKhera S S
_9100581
245 0 _aManagement and control in public enterprise
260 _aBombay
_bAsia Publishing House India
_c1964
300 _a270p.
_ccm.
942 _hX9W;8, K4;4
_cTEXL
_2CC
999 _c286850
_d286850